书目信息 |
| 题名: |
二十世纪上半叶资产阶级社会学史
|
|
| 作者: | ;毕裕华 , 蔡振扬 译 ;苏联科学院社会学研究所 编著 | |
| 分册: | ||
| 出版信息: | 上海 上海译文出版社 1987.12 |
|
| 页数: | 331页 | |
| 开本: | 20cm | |
| 丛书名: | ||
| 单 册: | ||
| 中图分类: | C91-06 | |
| 科图分类: | ||
| 主题词: | 社会学学派 , 社会学学派--研究 | |
| 电子资源: | ||
| ISBN: | 7-5327-0365-7 | |
| 000 | 00872nam0 2200265 45 | |
| 001 | 0189022900 | |
| 005 | 20050610103046.9 | |
| 010 | @a7-5327-0365-7@dCNY2.35 | |
| 020 | @aCN@b89022900 | |
| 100 | @a19910905d1987 m y0chiy0120 ea | |
| 101 | 1 | @achi@crus |
| 102 | @aCN@b310000 | |
| 105 | @ay z 000yy | |
| 200 | 10 | @a二十世纪上半叶资产阶级社会学史@Aer shi shi ji shang ban ye zi chan jieji she hui xue shi@f苏联科学院社会学研究所编著@Fsu lian ke xue yuan she hui xue yan jiu suo bian zhu@g毕裕华,蔡振扬译 |
| 210 | @a上海@c上海译文出版社@d1987.12 | |
| 215 | @a331页@d20cm | |
| 300 | @a大学参考用书 | |
| 606 | 0 | @a社会学学派 |
| 606 | 0 | @a社会学学派@x研究 |
| 690 | @aC91-06@v3 | |
| 702 | 0 | @a毕裕华@Abi yu hua@4译 |
| 702 | 0 | @a蔡振扬@Acai zhen yang@4译 |
| 711 | 02 | @a苏联科学院社会学研究所@4编著 |
| 801 | 0 | @aCN@bNLC@c19910905 |
| 905 | @dC91-06@e152@f1@b252655 | |
| 二十世纪上半叶资产阶级社会学史/苏联科学院社会学研究所编著/毕裕华,蔡振扬译.-上海:上海译文出版社,1987.12 |
| 331页;20cm |
| 大学参考用书 |
| ISBN 7-5327-0365-7:CNY2.35 |
| ● |
| 相关链接 |
|
|
|
|
正题名:二十世纪上半叶资产阶级社会学史
索取号:C91-06/152
 
预约/预借
| 序号 | 登录号 | 条形码 | 馆藏地/架位号 | 状态 | 备注 |
| 1 | 0252653 | 000369176 | 密集书库/ [索取号:C91-06/152] | 在馆 | |
| 2 | 0252654 | 001031993 | 密集书库/ [索取号:C91-06/152] | 在馆 | |
| 3 | 0252655 | 000369185 | 第一样本阅览室/ [索取号:C91-06/152] | 在馆 |